000 01419nac a22003977a 4500
001 BR7701712
003 BR-BrBNA
005 20240105114031.0
008 230509b bl.|||m| |||| 00| 0 por d
040 _aBR-BrBNA
_bpor
_cBiblioteca Nacional de Agricultura
072 _aQ10; E10; F00
090 _a0120 BR7701712
100 1 _aCarvalho, A.A.C. de
100 1 _aPamplona, T. de M.
100 1 _aRibas, J.F. de L.
100 1 _aAsinelli, A.A.
110 1 _aBanco Regional de Desenvolvimento do Extremo Sul, Curitiba, PR (Brasil);
_91224
110 1 _aPlanave S.A. Escritorio Tecnico de Planejamento, Porto Alegre, RS (Brasil)
245 1 _aEstudo economico sobre alimentos no Parana; segmento: Industria beneficiadora de milho [Alimento vegetal; Alimento animal; Mercado; Producao vegetal; Zea mays; Brasil]
260 3 _aCuritiba, PR (Brasil):
_c1977.
300 _a256 p.
490 _aEstudos Economicos - Banco Regional de Desenvolvimento do Extremo Sul (Brazil)
_vno. 6
_x
500 _a111 tables; 39 ref.
650 _aTecnologia de alimento
650 _aMacroeconomia
650 _aIndustria alimenticia
650 _aProducao vegetal
650 _aMilho
650 _aProducao animal
650 _aAlimento vegetal
650 _aAlimento animal
650 _aComercializacao
650 _aParana
909 _a202312
_bLúcia Elande
_c55
_dLúcia Elande
942 _2AGRIS
_n0
_cMS
999 _c267018
_d267018